Statistics for MLB The Show 22 FOF cards

Click here to take the quiz!

General Stats

  • This quiz has been taken 191 times
  • The average score is 18 of 30

Answer Stats

HintAnswer% Correct
AngelsMike Trout
84%
NationalsJosh Bell
73%
BravesRonald Acuña Jr
71%
YankeesAroldis Chapman
67%
MetsFrancisco Lindor
67%
DodgersCody Bellinger
65%
Red SoxRafael Devers
64%
RockiesC.J. Cron
63%
TwinsByron Buxton
62%
OriolesCedric Mullins
62%
MarlinsJazz Chisholm
62%
RangersCorey Seager
60%
PiratesBryan Reynolds
59%
AstrosKyle Tucker
58%
GiantsLogan Webb
58%
PhilliesJ.T Realmuto
57%
White SoxLuis Robert
57%
A'sSean Murphy
57%
RaysWander Franco
56%
CubsMarcus Stroman
54%
Blue JaysAlek Manoah
53%
RoyalsAndrew Benintendi
52%
BrewersDevin Williams
52%
PadresJake Cronenworth
52%
RedsJoey Votto
52%
D-BacksCarson Kelly
51%
TigersCasey Mize
51%
CardsTommy Edman
51%
GuardiansEmmanuel Clase
49%
MarinersMitch Haniger
49%

Score Distribution

Percentile by Number Answered

Percent of People with Each Score

Your Score History

You have not taken this quiz